| 000 | 00779nam a2200265Ia 4500 | ||
|---|---|---|---|
| 003 | OSt | ||
| 005 | 20220924124336.0 | ||
| 006 | a|||||r|||| 00| 0 | ||
| 007 | ta | ||
| 008 | 220923b |||||||| |||| 00| 0 urd d | ||
| 020 | _c331 | ||
| 024 | _a290657 | ||
| 037 |
_b4688, 09/03/2016, Kitabi Duniya _cTextual |
||
| 040 |
_aARTS _cARTS _burd |
||
| 041 |
_2urd _aurd |
||
| 082 | _aX:8J, 168P3 | ||
| 100 |
_aSaxena R.G. Au. _9195509 |
||
| 245 | 0 | _aAuditing usool aur practice | |
| 260 |
_aNew Delhi _b Qaumi Council Bara-e-Farogh Urdu Zuban India _c2003 |
||
| 300 |
_a908p. _ccm. |
||
| 650 | _a ECONOMICS | ||
| 650 |
_aAUDITING _9171355 |
||
| 942 |
_hX:8J, 168P3 _cTEXL _2CC |
||
| 999 |
_c419338 _d419338 |
||